000 00331nam a2200133Ia 4500
008 240624s9999 xx 000 0 und d
041 _aeng
082 _a368.014 SEE
100 _aSEETHAPATHI K
245 _aCLAIMS MANAGEMENT V
260 _c2003
_aHyderabad
_bICFAI University
300 _aix, : 182 : p. : cm. ; 23
365 _cRS
999 _c2811
_d2811